00808 2200253 4500001002100000005001700021008004100038035002500079040001200104082000800116084001600124090001600140245018200156260002800338300003700366500004900403650002000452700001900472700001000491700001000501700001600511700001500527850001200542INLIS00000000000179520150209094444.0  a0010-021500000000079 aYOPDYOG a297 aNUS 297 Sis aNUS 297 Sis aSISI Berita : Palembang perpaduan arsitektur Cina, Melayu dan Arab [rekaman video]c/ penanggung jawab, Mahendra Wisnu ; editor, Syaefullah, Jefri, Indra ; produser Prita Laura. aJakartabMetro TVc2013 aDVD : digital, stereo ; 4 3/4 in aProgram Metro TV ; tanggal tayang 23/08/2013 aIndonesia-Islam aMahendra Wisnu aJefri aIndra aPrita Laura aSyaefullah aYOPDYOG